[Event "Tournoi francophone 006 Groupe B"]
[Site "Skype"]
[Date "????.??.??"]
[Round "6.4"]
[White "Bourdeau, Yvan"]
[Black "Kruk, Clementine"]
[Result "1-0"]
[WhiteElo "1645"]
[BlackElo "1599"]
[PlyCount "87"]

1. c4 e5 2. Nc3 Nf6 3. Nf3 Nc6 4. g3 Bc5 5. Bg2 d6 6. O-O Bf5 7. a3 a6 8. b4
Bb6 9. Bb2 Qd7 10. Re1 Bh3 11. Bh1 e4 12. Ng5 Qf5 13. Ngxe4 Nxe4 14. Nxe4 Bd4
15. Bxd4 Nxd4 16. Qa4+ b5 17. cxb5 Qxb5 18. Qxb5+ axb5 19. Nxd6+ cxd6 20. Bxa8
Ke7 21. Be4 f5 22. Bd3 Rc8 23. Ra2 g5 24. f3 h5 25. Kf2 g4 26. Ke3 gxf3 27.
exf3 Nb3 28. Bxb5 d5 29. Rb2 d4+ 30. Kf4+ Kd6 31. Rxb3 Rc2 32. Rd3 Kd5 33. Re5+
Kd6 34. Rxd4+ Kc7 35. Rc4+ Rxc4+ 36. Bxc4 Kd6 37. a4 Kc6 38. a5 Kb7 39. b5 Ka7
40. Re6 Kb7 41. b6 Kb8 42. Re7 Ka8 43. a6 Bf1 44. Re8# 1-0

[Event "Tournoi francophone 006 Groupe B"]
[Site "Skype"]
[Date "????.??.??"]
[Round "6.5"]
[White "Gerbaux, Regis"]
[Black "De Coninck, Philippe"]
[Result "0-1"]
[WhiteElo "1462"]
[BlackElo "1475"]
[PlyCount "68"]

1. e4 e5 2. Nf3 Nf6 3. Bc4 h6 4. d3 Nc6 5. c3 d5 6. exd5 Nxd5 7. O-O Bc5 8. d4
exd4 9. cxd4 Bb6 10. Re1+ Be6 11. Be3 O-O 12. Bb3 Re8 13. Nc3 Ba5 14. Bd2 Nxc3
15. Bxc3 Bb6 16. h3 Qd7 17. Qd2 Rad8 18. Rad1 Bxh3 19. gxh3 Qxh3 20. Qf4 Rf8
21. Re7 Nxe7 22. Ne5 Qh5 23. Re1 Nd5 24. Qe4 f5 25. Bxd5+ Kh7 26. Qg2 c6 27.
Bf3 Qg5 28. Re3 Qxg2+ 29. Bxg2 f4 30. Be4+ Kg8 31. Rf3 Bxd4 32. Ng6 Rf6 33.
Nxf4 Bxc3 34. bxc3 g5 0-1

[Event "Tournoi francophone 006 Groupe B"]
[Site "Skype"]
[Date "????.??.??"]
[Round "7.1"]
[White "De Coninck, Philippe"]
[Black "Marino, Giuseppe"]
[Result "0-1"]
[WhiteElo "1475"]
[BlackElo "1358"]
[PlyCount "46"]

1. e4 e5 2. f4 exf4 3. Nf3 d6 4. Bc4 Bg4 5. O-O Be7 6. d3 Nf6 7. Nc3 c6 8. Bxf4
O-O 9. e5 dxe5 10. Bxe5 Nbd7 11. Qd2 Bxf3 12. Rxf3 Nxe5 13. Rf4 Nxc4 14. Rxc4
Re8 15. Rf1 b5 16. Rxc6 Rc8 17. Rxc8 Qxc8 18. Nxb5 Qc5+ 19. Kh1 Qxb5 20. c4 Qb8
21. a3 Ng4 22. Qf4 Qxf4 23. Rxf4 Bxa3 0-1

[Event "Tournoi francophone 006 Groupe B"]
[Site "Skype"]
[Date "????.??.??"]
[Round "7.2"]
[White "Kruk, Clementine"]
[Black "Gerbaux, Regis"]
[Result "1-0"]
[WhiteElo "1599"]
[BlackElo "1462"]
[PlyCount "69"]

1. e4 e5 2. Nf3 Nc6 3. Bc4 Nf6 4. Ng5 d5 5. exd5 Nxd5 6. Qf3 Be6 7. Nxe6 fxe6
8. Bb5 Qd7 9. Bxc6 Qxc6 10. Qh5+ g6 11. Qxe5 Qxc2 12. Qxe6+ Be7 13. Na3 Qd3 14.
Kd1 Nf4 15. Qe5 Rf8 16. Re1 Nd5 17. f3 O-O-O 18. Qe6+ Kb8 19. Re5 Nf4 20. Qxe7
Qf1+ 21. Re1 Rde8 22. Rxf1 Rxe7 23. d4 Nxg2 24. Bg5 Rd7 25. Nc2 c5 26. Rf2 Nf4
27. Rd2 Ne6 28. Bh6 Rxf3 29. dxc5 Rf1+ 30. Ne1 Nxc5 31. Rxd7 Nxd7 32. Ke2 Rh1
33. Kd1 Ka8 34. Rc1 Rxh2 35. Rc8+ 1-0

[Event "Tournoi francophone 006 Groupe B"]
[Site "Skype"]
[Date "????.??.??"]
[Round "7.3"]
[White "Sahrane, Juba"]
[Black "Bourdeau, Yvan"]
[Result "1/2-1/2"]
[WhiteElo "1621"]
[BlackElo "1645"]
[PlyCount "53"]

1. e4 c5 2. Nf3 d6 3. d4 cxd4 4. Nxd4 Nf6 5. Nc3 a6 6. Bc4 Nc6 7. Be3 e6 8. Qd2
Be7 9. O-O-O Bd7 10. h3 b5 11. Bd3 Ne5 12. Be2 b4 13. f4 bxc3 14. Qxc3 Nxe4 15.
Qe1 Ng6 16. g4 Bh4 17. Qg1 Ng3 18. Rh2 Nxe2+ 19. Rxe2 Bb5 20. Nxb5 axb5 21. f5
Ne5 22. Bb6 Qb8 23. Qd4 Be7 24. fxe6 fxe6 25. Rxe5 Ra4 26. b4 O-O 27. Rxe6
1/2-1/2

[Event "Tournoi francophone 006 Groupe B"]
[Site "Skype"]
[Date "????.??.??"]
[Round "7.5"]
[White "L'Herbon De Lussats, Jean"]
[Black "Hargez, Dany"]
[Result "1-0"]
[WhiteElo "1618"]
[BlackElo "1460"]
[PlyCount "111"]

1. e4 e5 2. c4 Nf6 3. Nc3 Bb4 4. d3 Bxc3+ 5. bxc3 d6 6. Bg5 O-O 7. d4 exd4 8.
cxd4 c5 9. d5 Qa5+ 10. Bd2 Qd8 11. Qc2 Bf5 12. exf5 Re8+ 13. Be3 Qa5+ 14. Qd2
Qxd2+ 15. Kxd2 Ne4+ 16. Kd3 Nd7 17. f3 Nef6 18. g4 Ne5+ 19. Kd2 Ned7 20. Ne2
Nb6 21. Ng3 Nfd7 22. Ne4 Ne5 23. Nxd6 Nxf3+ 24. Ke2 Nd4+ 25. Kf2 Re7 26. g5 Rd8
27. f6 Red7 28. Ne4 Na4 29. h4 g6 30. h5 b6 31. hxg6 fxg6 32. Rh4 Nf5 33. Rf4
Nxe3 34. Kxe3 Re8 35. Bd3 Nc3 36. Raf1 Kf7 37. a3 Nxe4 38. Rxe4 Rxe4+ 39. Bxe4
Rd8 40. Rh1 h5 41. gxh6 Kxf6 42. h7 Rh8 43. Kf4 g5+ 44. Kg4 Ke5 45. Bd3 Kf6 46.
Rh6+ Kg7 47. Kxg5 Re8 48. d6 a6 49. d7 Rd8 50. Bf5 b5 51. cxb5 axb5 52. Rc6 c4
53. Rc8 Rf8 54. d8=Q Rxd8 55. Rxd8 c3 56. Rd1 1-0

[Event "Tournoi francophone 006 Groupe B"]
[Site "Skype"]
[Date "????.??.??"]
[Round "8.1"]
[White "Marino, Giuseppe"]
[Black "Hargez, Dany"]
[Result "0-1"]
[WhiteElo "1358"]
[BlackElo "1460"]
[PlyCount "96"]

1. d4 d5 2. Nf3 Bf5 3. e3 e6 4. Be2 Nf6 5. O-O Bd6 6. Re1 Ng4 7. h3 Nf6 8. Bd3
Be4 9. Bb5+ c6 10. Bd3 Nbd7 11. c4 Qc7 12. c5 Be7 13. b3 b6 14. b4 bxc5 15.
bxc5 e5 16. Nc3 Bxd3 17. dxe5 Nxe5 18. Nxe5 Qxe5 19. Qxd3 Ne4 20. Nxe4 Qxa1 21.
Nc3 O-O 22. Kf1 Bf6 23. Bd2 Qb2 24. Na4 Qb8 25. f4 d4 26. exd4 Qd8 27. Bc3 Qd5
28. Re2 Rfe8 29. Rf2 Re4 30. Rf3 Bxd4 31. Bxd4 Rxd4 32. Qe2 Rd8 33. Re3 Rd1+
34. Kf2 Qd4 35. Nc3 Qxf4+ 36. Rf3 Qd4+ 37. Kg3 Rd3 38. Ne4 Rxf3+ 39. gxf3 Qe5+
40. Kg2 f5 41. Qc4+ Rd5 42. Nc3 h6 43. Nxd5 cxd5 44. Qc2 g6 45. c6 Qc7 46. Qc5
Kf7 47. Qxd5+ Ke7 48. Qe4+ fxe4 0-1

[Event "Tournoi francophone 006 Groupe B"]
[Site "Skype"]
[Date "????.??.??"]
[Round "8.2"]
[White "Gharbi, Said"]
[Black "L'Herbon De Lussats, Jean"]
[Result "1-0"]
[WhiteElo "1564"]
[BlackElo "1618"]
[PlyCount "161"]

1. e4 c5 2. Nf3 Nc6 3. Bb5 d6 4. Bxc6+ bxc6 5. d4 cxd4 6. Nxd4 Bb7 7. c3 c5 8.
Qa4+ Qd7 9. Qxd7+ Kxd7 10. Nf3 Bxe4 11. Ng5 Bxg2 12. Rg1 Bd5 13. Rg3 f6 14. Nh3
e5 15. Nd2 Ne7 16. c4 Be6 17. Ng1 Nf5 18. Rd3 Nd4 19. Rc3 Bf5 20. Ndf3 Nc2+ 21.
Rxc2 Bxc2 22. Be3 Be4 23. Nd2 Bc6 24. O-O-O Ke6 25. Nb3 Rb8 26. Na5 Ba8 27. Ne2
d5 28. cxd5+ Bxd5 29. Nc3 Ba8 30. Re1 Be7 31. f4 Kf7 32. fxe5 fxe5 33. Rf1+ Bf6
34. Bxc5 Rhc8 35. Bd6 Rb5 36. Nb3 e4 37. Kd2 Rb6 38. Bc5 Ra6 39. a3 Kg8 40. Bb4
Re6 41. Bc5 Bg5+ 42. Ke2 a6 43. Na4 Rce8 44. Nb6 Bc6 45. Nd4 Rf6 46. Nxc6 Rxc6
47. Nd7 h6 48. Rg1 Rc7 49. Rd1 e3 50. Rd5 Rc6 51. Ne5 Rce6 52. Nf3 Bf4 53. h4
Rf6 54. b4 Kh7 55. a4 Rfe6 56. b5 axb5 57. axb5 Re5 58. Nxe5 Rxe5 59. Rxe5 Bxe5
60. Kxe3 g5 61. hxg5 hxg5 62. Kf3 Kg6 63. Kg4 Bf4 64. b6 Bb8 65. Be7 Bf4 66. b7
Kh6 67. Bxg5+ Bxg5 68. b8=Q Kg6 69. Qe5 Bf6 70. Qe4+ Kf7 71. Kh5 Be7 72. Kh6
Ke8 73. Kg7 Kd7 74. Kf7 Bd6 75. Qe8+ Kc7 76. Ke6 Bc5 77. Qd7+ Kb6 78. Kd5 Bf2
79. Qc6+ Ka5 80. Kc4 Bb6 81. Qb5# 1-0

[Event "Tournoi francophone 006 Groupe B"]
[Site "Skype"]
[Date "????.??.??"]
[Round "8.3"]
[White "Bourdeau, Yvan"]
[Black "Fouquereau, Andre"]
[Result "1-0"]
[WhiteElo "1645"]
[BlackElo "1492"]
[PlyCount "49"]

1. c4 Nf6 2. Nf3 c6 3. Nc3 e5 4. Nxe5 Qc7 5. Nf3 Bb4 6. d3 O-O 7. Bd2 d5 8.
cxd5 Bxc3 9. Bxc3 Nxd5 10. Bd2 Bf5 11. e4 Re8 12. Be2 Bg4 13. exd5 Bxf3 14.
gxf3 cxd5 15. O-O Nd7 16. Bc3 Qd6 17. Qd2 d4 18. Bb4 Qb6 19. Rac1 Nf8 20. Bxf8
Kxf8 21. Rc4 Rac8 22. Rfc1 Rxc4 23. Rxc4 Qg6+ 24. Kh1 Rd8 25. Qb4+ 1-0

[Event "Tournoi francophone 006 Groupe B"]
[Site "Skype"]
[Date "????.??.??"]
[Round "8.4"]
[White "Gerbaux, Regis"]
[Black "Sahrane, Juba"]
[Result "0-1"]
[WhiteElo "1462"]
[BlackElo "1621"]
[PlyCount "22"]

1. e4 e5 2. Nf3 Nc6 3. c3 Nf6 4. d3 Be7 5. Be2 O-O 6. O-O d5 7. Nbd2 Qd6 8. d4
Rd8 9. Nxe5 Nxe5 10. dxe5 Qxe5 11. Re1 Nxe4 0-1

[Event "Tournoi francophone 006 Groupe B"]
[Site "Skype"]
[Date "????.??.??"]
[Round "8.5"]
[White "De Coninck, Philippe"]
[Black "Kruk, Clementine"]
[Result "0-1"]
[WhiteElo "1475"]
[BlackElo "1599"]
[PlyCount "22"]

1. e4 e5 2. Nf3 Nc6 3. Bb5 Nf6 4. Bxc6 bxc6 5. Nc3 d6 6. d4 Bg4 7. h3 Bh5 8.
dxe5 dxe5 9. Qxd8+ Rxd8 10. Nxe5 Bb4 11. Nxc6 Rd1# 0-1

[Event "Tournoi francophone 006 Groupe B"]
[Site "Skype"]
[Date "????.??.??"]
[Round "9.1"]
[White "Kruk, Clementine"]
[Black "Marino, Giuseppe"]
[Result "1-0"]
[WhiteElo "1599"]
[BlackElo "1358"]
[PlyCount "65"]

1. e4 e5 2. Nf3 d6 3. Bc4 Be7 4. Nc3 c6 5. d4 exd4 6. Nxd4 Nf6 7. Bf4 O-O 8.
Qd2 Re8 9. O-O-O Bf8 10. Rhe1 Bg4 11. f3 Bc8 12. Nf5 Bxf5 13. exf5 d5 14. Rxe8
Nxe8 15. Re1 Nf6 16. Ne4 Nbd7 17. Nxf6+ Nxf6 18. Bb3 a5 19. a3 Qd7 20. g4 b5
21. g5 Ne8 22. Qd3 Nd6 23. Bxd6 Bxd6 24. h4 b4 25. a4 Bg3 26. Rh1 Kf8 27. g6
hxg6 28. fxg6 Qe7 29. h5 Qf6 30. Kb1 Bf4 31. gxf7 Kxf7 32. Qh7 Qxb2+ 33. Kxb2
1-0

[Event "Tournoi francophone 006 Groupe B"]
[Site "Skype"]
[Date "????.??.??"]
[Round "9.2"]
[White "Sahrane, Juba"]
[Black "De Coninck, Philippe"]
[Result "0-1"]
[WhiteElo "1621"]
[BlackElo "1475"]
[PlyCount "88"]

1. e4 e5 2. Nf3 Nf6 3. Nxe5 d6 4. Nf3 Nxe4 5. Qe2 Qe7 6. d3 Nf6 7. Nc3 Qxe2+ 8.
Bxe2 Be7 9. Nb5 Bd8 10. O-O O-O 11. Re1 Bd7 12. d4 a6 13. Nc3 Re8 14. Bg5 Bf5
15. Bxf6 Bxf6 16. Nd5 Bd8 17. Bd3 Rxe1+ 18. Rxe1 Bd7 19. Bf5 Bc6 20. Ne7+ Kf8
21. Nxc6 Nxc6 22. Bxh7 Bf6 23. Bf5 Bxd4 24. Nxd4 Nxd4 25. Bd3 d5 26. Re5 Re8
27. Rxe8+ Kxe8 28. c3 Ne6 29. g3 g6 30. f4 f5 31. h4 Kf7 32. Kf2 c5 33. Kf3 c4
34. Bc2 b5 35. a3 d4 36. g4 fxg4+ 37. Kxg4 d3 38. Bd1 Kf6 39. Kf3 Kf5 40. Kg3
Nxf4 41. Bg4+ Ke4 42. Bf3+ Ke3 43. Kg4 Ne2 44. Bg2 d2 0-1

[Event "Tournoi francophone 006 Groupe B"]
[Site "Skype"]
[Date "????.??.??"]
[Round "9.3"]
[White "Fouquereau, Andre"]
[Black "Gerbaux, Regis"]
[Result "0-1"]
[WhiteElo "1492"]
[BlackElo "1462"]
[PlyCount "70"]

1. e4 c5 2. Nf3 d6 3. c3 h6 4. Be2 Nf6 5. O-O Nbd7 6. Qc2 e5 7. d3 Be7 8. h3
O-O 9. Be3 b6 10. Nbd2 Bb7 11. b4 cxb4 12. c4 Rc8 13. Qa4 a5 14. Rac1 Bc6 15.
Qd1 b5 16. Nh4 bxc4 17. Nxc4 d5 18. Bd2 dxc4 19. dxc4 Nxe4 20. Nf5 Nxd2 21.
Nxe7+ Qxe7 22. Qxd2 Nc5 23. Qe3 Rfe8 24. Rfd1 Ne4 25. Rd2 Nxd2 26. Qxd2 Rcd8
27. Qe3 Qf6 28. c5 Qg6 29. g3 h5 30. Kh2 Rd4 31. Rg1 Qe4 32. Qxe4 Bxe4 33. Bb5
Re6 34. Rd1 Rxd1 35. Bc4 Rh1# 0-1

[Event "Tournoi francophone 006 Groupe B"]
[Site "Skype"]
[Date "????.??.??"]
[Round "9.4"]
[White "L'Herbon De Lussats, Jean"]
[Black "Bourdeau, Yvan"]
[Result "1/2-1/2"]
[WhiteElo "1618"]
[BlackElo "1645"]
[PlyCount "118"]

1. e4 e6 2. d4 d5 3. exd5 exd5 4. Nf3 Nf6 5. Be2 Bd6 6. O-O O-O 7. c4 c6 8. Nc3
Bc7 9. Qb3 b6 10. Bg5 a5 11. a4 Ba6 12. Rfe1 Re8 13. Rad1 Qd6 14. Bf1 Nbd7 15.
Rxe8+ Rxe8 16. cxd5 Bxf1 17. Kxf1 Nxd5 18. Nxd5 cxd5 19. g3 Nf6 20. Bf4 Qd7 21.
Ne5 Bxe5 22. dxe5 Qh3+ 23. Kg1 Ng4 24. Qf3 Qxh2+ 25. Kf1 Qh3+ 26. Ke2 Nxe5 27.
Qxd5 Qh5+ 28. Kf1 Qh3+ 29. Kg1 Ng4 30. Qg2 Qxg2+ 31. Kxg2 h6 32. Bc7 Re2 33.
Kf3 Rxf2+ 34. Kxg4 Rxb2 35. Rd8+ Kh7 36. Rb8 Ra2 37. Bxb6 Rxa4+ 38. Kh3 Rb4 39.
Bc7 Ra4 40. Ra8 Rc4 41. Bd8 Ra4 42. Rxa5 Rd4 43. Bb6 Re4 44. Ra7 Kg8 45. Bc5
Rc4 46. Ra8+ Kh7 47. Bd6 Rd4 48. Bf8 Re4 49. Ra7 Kg6 50. Bd6 Rd4 51. Be5 Re4
52. Ba1 Rc4 53. Rd7 Re4 54. Rd8 Kh7 55. Rd4 Re1 56. Bc3 Rc1 57. Bb2 Rc2 58. Ba1
Rc1 59. Bb2 Rc2 1/2-1/2